Catálogo

DEPARTAMENTO DE AGRICULTURA DE LOS ESTADOS UNIDOS DE : (Registro nro. 18698)

Detalles MARC
000 -LEADER
fixed length control field 00513nam a2200169 a 4500
001 - CONTROL NUMBER
control field 18698
005 - DATE AND TIME OF LATEST TRANSACTION
control field 20180713212030.0
008 - FIXED-LENGTH DATA ELEMENTS--GENERAL INFORMATION
fixed length control field 140415s1972 000 0 spa d
041 ## - LANGUAGE CODE
Language code of text/sound track or separate title spa
082 ## - DEWEY DECIMAL CLASSIFICATION NUMBER
Classification number 627.42
Item number SER
100 1# - MAIN ENTRY--PERSONAL NAME
Personal name SERVICIO DE CONSERVACION DE SUELOS
245 10 - TITLE STATEMENT
Title DEPARTAMENTO DE AGRICULTURA DE LOS ESTADOS UNIDOS DE :
Remainder of title AMERICA: RIEGO POR DIQUES DE CONTORNO
260 ## - PUBLICATION, DISTRIBUTION, ETC.
Place of publication, distribution, etc. [s.l.] :
Name of publisher, distributor, etc. DIANA,
Date of publication, distribution, etc. 1972
300 ## - PHYSICAL DESCRIPTION
Extent 51
490 ## - SERIES STATEMENT
Series statement INGENIERIA DE SUELOS
Volume/sequential designation 3
650 14 - SUBJECT ADDED ENTRY--TOPICAL TERM
Topical term or geographic name entry element DIQUES
General subdivision RIEGO
Existencias
Withdrawn status Lost status Source of classification or shelving scheme Damaged status Not for loan Collection code Home library Current library Shelving location Date acquired Source of acquisition Inventory number Total Checkouts Full call number Barcode Date last seen Price effective from Koha item type
    Dewey Decimal Classification     General Biblioteca Karol Wojtyla Biblioteca Karol Wojtyla Sala general 03/12/2013 Compra 151000000000000000012097   627.42 SER 38056 05/01/2026 03/12/2013 Libro